Cuentos de la reserva de la biósfera : (Registro nro. 7300)

Detalles MARC
000 -LEADER
fixed length control field 01265nam a2200265 a 4500
001 - CONTROL NUMBER
control field 000044393
003 - CONTROL NUMBER IDENTIFIER
control field DO-SdBNP
005 - DATE AND TIME OF LATEST TRANSACTION
control field 20160920150638.0
007 - PHYSICAL DESCRIPTION FIXED FIELD--GENERAL INFORMATION
fixed length control field 000044393
008 - FIXED-LENGTH DATA ELEMENTS--GENERAL INFORMATION
fixed length control field 140627s2009 dr a 000 0 spa d
040 ## - CATALOGING SOURCE
Original cataloging agency BPMET
Language of cataloging spa
Transcribing agency BPMET
092 ## - LOCALLY ASSIGNED DEWEY CALL NUMBER (OCLC)
Classification number xxxx
Item number xxxx
100 ## - MAIN ENTRY--PERSONAL NAME
Relator code León, María Amalia
245 00 - TITLE STATEMENT
Title Cuentos de la reserva de la biósfera :
Remainder of title Jaragua, Bahoruco, Enriquillo /
Statement of responsibility, etc. María Amalia León; María Teresa Ruiz de Catrain; Natacha Calderón Cabral ; ilustraciones Tania Marmolejo.
260 ## - PUBLICATION, DISTRIBUTION, ETC. (IMPRINT)
Place of publication, distribution, etc. Santo Domingo :
Name of publisher, distributor, etc. Propagas,
Date of publication, distribution, etc. 2009.
300 ## - PHYSICAL DESCRIPTION
Extent [32, 36, 36] p. :
Other physical details il. + CD ;
Dimensions 21 cm.
505 0# - FORMATTED CONTENTS NOTE
Title Cuando el viento habla- /
Statement of responsibility María Amalia León
Title ¡Es la tierra más hermosa que ojos jamás hayan visto!
Statement of responsibility María Teresa Ruiz de Catrain /
Title Tambor y misterio al pié del guayacan /
Statement of responsibility Natacha Calderón Cabral
563 ## - BINDING INFORMATION
Binding note Tres obras publicadas juntas con paginación independientes
700 12 - ADDED ENTRY--PERSONAL NAME
Personal name Cuando el viento habla...
Title of a work León, María Amalia
700 12 - ADDED ENTRY--PERSONAL NAME
Personal name Ruiz de Catrain, María Teresa
Title of a work ¡Es la tierra más hermosa que ojos jamás hayan visto!
700 12 - ADDED ENTRY--PERSONAL NAME
Personal name Calderón Cabral, Natacha
Title of a work Tambor y misterio al pié del guayacan
700 1# - ADDED ENTRY--PERSONAL NAME
Personal name Marmolejo, Tania
Relator term il.
942 ## - ADDED ENTRY ELEMENTS (KOHA)
Source of classification or shelving scheme Dewey Decimal Classification
Koha item type Libros
956 ## - LOCAL ELECTRONIC LOCATION AND ACCESS (OCLC)
Host name VMATEO
Access number 10
Compression information 20150520
Logon BPMSU
Processor of request 0069
Existencias
Withdrawn status Lost status Source of classification or shelving scheme Damaged status Not for loan Collection code Home library Current library Date acquired Total Checkouts Barcode Date last seen Copy number Price effective from Koha item type
    Dewey Decimal Classification       Biblioteca Pública Metropolitana Salomé Ureña Biblioteca Pública Metropolitana Salomé Ureña 02/02/2015   BPMET15040961 02/02/2015 1 ej. 02/02/2015 Libros
    Dewey Decimal Classification       Biblioteca Pública Metropolitana Salomé Ureña Biblioteca Pública Metropolitana Salomé Ureña 02/02/2015   BPMET15040962 02/02/2015 2 ej. 02/02/2015 Libros